00476 2200205 4500001002100000008004100021035002000062245003500082100001900117250000600136260003200142300001200174084001400186082000800200650001400208990001200222990001200234990001200246990001200258INLIS000000000000446 ind  a0010-0424000422 aElektronikacDr. Malcolm Plant aPlant, Malcolm a1 aBandung :bPakar Rayac2009 a342 hlm a600 MAL e a600 aNon Fiksi a0722588 a0722589 a0722590 a0722591